| 000 | 00928nam a2200217 a 4500 | ||
|---|---|---|---|
| 001 | 000275196 | ||
| 003 | AM-YEHGA | ||
| 005 | 20251112134743.0 | ||
| 008 | 031022s1948 fr abc||||||||000|0|arm|d | ||
| 040 | _aAM-YEHGA | ||
| 041 | 0 | _aarm | |
| 044 | _afr | ||
| 100 | 1 | _aՍաղըրեան, Ս. | |
| 245 | 1 | 0 |
_aԿիսադարեան յուշամատեան : _b(1895-1945) : Ուղեւորութիւն մը Արգէոսէն Տաւրոս / _cՍ. Սաղըրեան. |
| 260 |
_aՓարիզ : _bտպ. Խ. Մաթիկեան, _c1948. |
||
| 300 |
_a380 էջ : _b[2] թ. դիմանկ., [4] թ. նկ., [1] թ. քարտեզ ; _c21 սմ. |
||
| 500 | _aԳիրքը թվայնացվել է Հայաստանի ազգային գրադարանում։ | ||
| 650 | 1 | 4 | _aՀայ ժողովրդի պատմություն |
| 856 | 4 | 1 |
_uhttp://haygirk.nla.am/upload/1941-/saghrean_kisadarean_hushamatean_1948.pdf _yԿարդալ առցանց |
| 942 |
_2udc _cBK |
||
| 999 |
_c100150 _d100150 |
||